| 000 | 01364nam0a22002891 4500 | ||
|---|---|---|---|
| 001 | rc\4238421 | ||
| 005 | 20130416112030.0 | ||
| 021 |
_aRU _b[62-5500] |
||
| 035 | _a(NLR Aleph) 008468608 | ||
| 090 |
_a7915126 _c7915126 |
||
| 100 | _a20130416d1961 |||y0rusy50 ca | ||
| 101 | 0 | _arus | |
| 102 | _aRU | ||
| 105 | _aa z ||||| | ||
| 200 | 1 |
_aМодернизация автоматического управления щековых дробилок 900х1200 и 1200х1500 _fАкад. строительства и архитектуры СССР. Всесоюз. науч.-исслед. ин-т нерудных строит. материалов и гидромеханизации "ВНИИНеруд". Отд-ние науч.-техн. информации |
|
| 210 |
_aСтаврополь н/В _cБ. и. _d1961 |
||
| 215 |
_a11 с., 1 л. схем. _d20 |
||
| 225 | 1 | _aИнформационный листок | |
| 300 | _aНа обл. только загл. серии | ||
| 300 | _aПеред загл. авт.: инж. Анциферов А.С. | ||
| 606 |
_aДробилки щековые _xАвтоматическое управление _2psbo |
||
| 700 | 1 |
_aАнциферов _bА. С. _gАркадий Степанович |
|
| 801 | 0 |
_aRU _bNLR _gpsbo |
|
| 801 | 1 |
_aRU _bELAR _2rusmarc |
|
| 852 |
_aNLR _j62-4/2445 |
||
| 942 | _cBOOK | ||
| 980 | _aNB | ||